Score 0/43 Timer 05:00
19 Plays Today
% Correct
Assassinated
80.4%
Assassinated
79.4%
Term-limited
78.6%
Resigned
78.2%
Term-limited
75.2%
Term-limited
74.5%
Term-limited
72.3%
Lost reelection
70.3%
Died of natural causes
69.1%
Assassinated
66%
Didn't run in additional election
65.7%
Lost reelection
64.8%
Lost reelection
62.9%
Term-limited
61.3%
Didn't run in additional election
61.2%
Died of natural causes
60.8%
Assassinated
59.5%
Didn't run in additional election
58.9%
Didn't run in additional election
58.6%
Lost reelection
58.6%
Didn't run in additional election
58.5%
Didn't run in additional election
55.6%
% Correct
Didn't run in additional election
54.3%
Didn't run in additional election
50.9%
Didn't run in additional election
50%
Didn't run in additional election
49.7%
Didn't run in additional election
49.6%
Didn't run in additional election
47.6%
Died of natural causes
45.2%
Lost reelection
45.1%
Didn't run in additional election
44.4%
Didn't run in additional election
44.3%
Didn't run in additional election
44.3%
Didn't run in additional election
43.9%
Lost reelection
43.7%
Lost reelection
43.4%
Didn't run in additional election
43.3%
Didn't run in additional election
43%
Didn't run in additional election
42.3%
Died of natural causes
41.6%
Didn't run in additional election
41.6%
Lost reelection
40.2%
Lost reelection
39.1%

You're not logged in!

Compare scores with friends on all Sporcle quizzes.
OR
Log In

Sporcle TV

Today on Sporcle TV


Watch our educational content, quiz creation guides, and fun videos on Sporcle TV.

Show Comments

Extras

Top Quizzes Today


Score Distribution

Paid Content

Your Account Isn't Verified!

In order to create a playlist on Sporcle, you need to verify the email address you used during registration. Go to your Sporcle Settings to finish the process.

Report this User

Report this user for behavior that violates our Community Guidelines.

Details: